000 00429nam a2200181Ia 4500
005 20250423100957.0
008 250422s9999 xx 000 0 und d
020 _a9780689865404, 0689865406
050 _aPZ 7 .W5197/
100 _aWesterfeld, Scott
245 0 _aSpecials : scott westerfeld
260 _aNew York
260 _bSimon Pulse
260 _c2006
300 _a372 p
650 _aLiterature
942 _cBK
999 _c34915
_d34915